[Event "Titled Tue 20th Jun Late"]
[Site "chess.com INT"]
[Date "2023.06.20"]
[Round "9"]
[White "Nakamura, Hi"]
[Black "Holt, C."]
[Result "1-0"]
[WhiteElo "2775"]
[BlackElo "2540"]
[PlyCount "97"]
[EventDate "2023.06.20"]

1. Nf3 d5 2. e3 Bg4 3. c4 c6 4. Qb3 Qc7 5. cxd5 cxd5 6. Nc3 Bxf3 7. gxf3 e6 8. d4 Nc6 9. Bd2 Nf6 10. O-O-O ({RR} 10. Rc1 Be7 11. Bd3 O-O 12. f4 Rfc8 13. Rg1 Na5 14. Qc2 Nc4 15. Ke2 Qd7 16. Rg3 b5 17. Rcg1 Bf8 18. Qb1 b4 19. Nd1 Rab8 20. Bc1 b3 21. Nc3 Qc7 22. f3 Qa5 23. a4 Na3 24. bxa3 Qxc3 {Shankland,S (2683)-Holt,C (2540) chess.com INT 2024 1-0}) 10... Bb4 $146 ({RR} 10... Be7 11. Kb1 O-O 12. Rc1 Rfc8 13. Na4 Rab8 14. Bd3 Qd8 15. Nc5 Bxc5 16. Rxc5 Nd7 17. Rcc1 Rc7 18. h4 Rbc8 19. Rcg1 Kh8 20. Rg3 Nb6 21. h5 f5 22. Bc3 Qf6 23. f4 Nd8 24. Bb4 Nf7 25. Rhg1 {Malakhov,V (2642)-Smirnov,T (2341) Sochi RUS 2024 1-0 (63)}) 11. Kb1 O-O 12. Bd3 a5 13. Rc1 a4 14. Qd1 a3 15. b3 Qa5 16. Rc2 Rfc8 17. Qe2 e5 18. dxe5 Nxe5 19. Rhc1 Rd8 20. f4 Nc6 21. Nb5 Ne4 22. Bxb4 Nxb4 23. Rc7 Nxd3 24. Qxd3 Nxf2 25. Qf5 Rf8 26. Nd4 Qd2 27. Qc2 Qxe3 28. Nf5 Qe4 29. Re7 Qxc2+ 30. Rxc2 Nd3 31. Rcc7 Rac8 32. Nd6 Rxc7 33. Rxc7 Nxf4 34. Rxb7 f5 35. b4 Nd3 36. Kc2 Ne5 37. Rb5 f4 38. Rxd5 f3 39. Ne4 f2 40. Ng3 Ng4 41. Nf1 Re8 42. Rd1 Re1 43. Kd2 Re4 44. Rb1 Ne5 45. b5 Re1 46. Kc2 Nc4 47. Ng3 Kf7 48. Rb4 Rc1+ 49. Kxc1 1-0

[Event "Global Chess League 2023"]
[Site "Dubai UAE"]
[Date "2023.06.30"]
[Round "9.4"]
[White "Koneru, H."]
[Black "Hou Yifan"]
[Result "1-0"]
[WhiteElo "2567"]
[BlackElo "2628"]
[PlyCount "83"]
[EventDate "2023.06.22"]
[WhiteTeam "Upgrad mumba masters"]
[BlackTeam "Ganges grandmasters"]

1. Nf3 c5 2. c4 b6 3. b3 Bb7 4. Bb2 d6 5. e3 Nf6 6. Be2 e6 7. O-O Be7 8. d4 O-O 9. Nc3 cxd4 10. Nxd4 Nbd7 11. Bf3 Bxf3 12. Qxf3 Ne5 13. Qe2 Qc7 14. Rfd1 $146 ({RR} 14. f4 Nc6 15. Ndb5 Qb7 16. Rad1 Rfd8 17. e4 a6 18. Na3 Qc7 19. Nc2 Rd7 20. Ne3 Rad8 21. Rf3 Ne8 22. Rh3 Bf6 23. Qh5 h6 24. Ncd5 exd5 25. Nxd5 Bxb2 26. Nxc7 Nxc7 27. Qg4 Kf8 28. Rhd3 Ne6 {Pinterne,K (2219)-Hegedus,F (2149) Hungary 2001 1-0 (51)}) 14... a6 15. Rac1 Rfd8 16. h3 Rac8 17. f4 Nc6 18. Nf3 Qb7 19. e4 Nh5 20. f5 exf5 21. exf5 Re8 22. Qf2 d5 23. Nxd5 Bc5 24. Nd4 Re4 25. b4 Nxb4 26. Qf3 Ng3 27. Qxg3 Nxd5 28. cxd5 Qxd5 29. Kh1 Qxa2 30. Ba1 g6 31. fxg6 hxg6 32. Nf5 Rce8 33. Qc3 R4e5 34. Nh6+ Kf8 35. Ng4 Re4 36. Qg7+ Ke7 37. Qf6+ Kf8 38. Qg7+ Ke7 39. Nf6 Re2 40. Rd7+ Ke6 41. Qxf7+ Kf5 42. Nd5+ 1-0

[Event "Titled Tue 27th Jun Early"]
[Site "chess.com INT"]
[Date "2023.06.27"]
[Round "6"]
[White "Halkias, S."]
[Black "Nguyen Ngoc Truong Son"]
[Result "1-0"]
[WhiteElo "2511"]
[BlackElo "2645"]
[PlyCount "67"]
[EventDate "2023.06.27"]

1. Nf3 g6 2. d4 Bg7 3. e4 d6 4. Bc4 h6 5. Qe2 Bg4 6. c3 e6 7. Nbd2 Ne7 8. h3 Bxf3 9. Nxf3 a6 $146 ({RR} 9... O-O 10. O-O Nd7 11. Bb3 c5 12. Be3 Qc7 13. Rad1 Rad8 14. dxc5 dxc5 15. Nd2 Nf6 16. f4 a6 17. e5 Nfd5 18. Ne4 Nxe3 19. Qxe3 c4 20. Bc2 Rxd1 21. Rxd1 Nd5 22. Qf2 Rb8 23. g3 Bf8 24. Kh2 {Klotz,S-Ivic,R Cologne 1992 1-0 (59)}) 10. h4 Nd7 11. Be3 Nf6 12. Bd3 Qd7 13. O-O-O b5 14. Kb1 Rb8 15. e5 Nfd5 16. Bc1 a5 17. Ka1 b4 18. c4 Nb6 19. exd6 cxd6 20. d5 e5 21. c5 Nbxd5 22. cxd6 Qxd6 23. Bb5+ Kf8 24. Bc4 Rd8 25. Rhe1 Qc7 26. Nxe5 Bf6 27. Ng4 Bg7 28. Ne5 a4 29. Nxf7 Kxf7 30. Qe6+ Kf8 31. Bxd5 Nxd5 32. Rxd5 a3 33. Kb1 axb2 34. Bf4 1-0

[Event "Titled Tue 27th Jun Early"]
[Site "chess.com INT"]
[Date "2023.06.27"]
[Round "11"]
[White "Mekhitarian, K."]
[Black "Indjic, A."]
[Result "1-0"]
[WhiteElo "2537"]
[BlackElo "2613"]
[PlyCount "31"]
[EventDate "2023.06.27"]

1. Nf3 e6 2. c4 a6 3. e4 c5 4. Nc3 Nc6 5. d4 cxd4 6. Nxd4 Bc5 7. Nb3 Bb4 ({RR} 7... Ba7 8. Be2 Nge7 9. O-O O-O 10. Bf4 e5 11. Bg5 d6 12. Qd2 Be6 13. Rad1 Nd4 14. Nxd4 Bxd4 15. Be3 Nc6 16. h3 Bxe3 17. Qxe3 Nd4 18. b3 Qa5 19. Kh2 Rfc8 20. Bg4 b5 21. Bxe6 fxe6 22. Ne2 {Kobalia,M (2596)-Sarana,A (2685) Chess.com INT 2022 1-0 (73)}) 8. Bd2 ({RR} 8. Bd3 Nf6 9. O-O O-O 10. Bg5 h6 11. Bh4 Ne5 12. Be2 Ng6 13. Bxf6 Qxf6 14. Rc1 b5 15. cxb5 axb5 16. Bxb5 Bxc3 17. Rxc3 Rxa2 18. Qb1 Ra8 19. Rd1 Nf4 20. Rf3 Qg5 21. Bf1 Ba6 22. g3 Bxf1 {Saenz Narciso,M (2156)-Khamrakulov,I (2403) Mengibar ESP 2024 ½-½ (90)}) 8... Nf6 9. Bd3 O-O $146 ({RR} 9... d5 10. exd5 exd5 11. cxd5 Nxd5 12. O-O Nde7 13. Qc2 Ne5 14. Be4 f5 15. Nd5 Nxd5 16. Bxd5 Be7 17. Bc4 b5 18. Rfd1 Bb7 19. Be6 Be4 20. Qc3 Qd6 21. Nd4 Ng4 22. g3 b4 23. Qb3 Qxd4 24. Be3 {Korneev,O (2566)-Khamrakulov,I (2452) Campillos 2004 ½-½}) 10. O-O b6 11. a3 Be7 12. Rc1 Bb7 13. Re1 Ne5 14. Bf1 Rc8 15. c5 Nxe4 16. Nxe4 1-0

[Event "Titled Tue 27th Jun Late"]
[Site "chess.com INT"]
[Date "2023.06.27"]
[Round "4"]
[White "Nakamura, Hi"]
[Black "Dardha, Daniel"]
[Result "1-0"]
[WhiteElo "2775"]
[BlackElo "2619"]
[PlyCount "105"]
[EventDate "2023.06.27"]

1. Nf3 d5 2. e3 c6 3. c4 Nf6 4. Nc3 e6 5. b3 Bd6 6. Bb2 O-O 7. d4 Nbd7 8. Bd3 Qe7 9. O-O b6 10. e4 dxe4 11. Nxe4 Nxe4 12. Bxe4 Bb7 13. Re1 $146 ({RR} 13. Ne5 Bxe5 14. dxe5 Nc5 15. Bc2 Rfd8 16. Qh5 h6 17. Bc1 Nd3 18. Be3 Nb4 19. Bb1 c5 20. a3 Nd3 21. Ra2 Rd7 22. Rd2 Rad8 23. Rfd1 g6 24. Qxh6 Nxe5 25. h3 Rxd2 26. Rxd2 Rxd2 27. Bxd2 Qd8 {Khademalsharieh,S (2494)-Salimova,N (2395) chess24.com INT 2021 1-0 (35)}) 13... Nf6 14. Bc2 Qc7 15. Qd3 Rfe8 16. Ng5 g6 17. Qh3 Bf4 18. Qh4 Nh5 19. Ne4 Qe7 20. Qxe7 Rxe7 21. g4 Ng7 22. d5 e5 23. Nf6+ Kh8 24. Rad1 cxd5 25. cxd5 Ne8 26. Ne4 Rd7 27. Ng3 Bxd5 28. Ne2 Bh6 29. Bxe5+ Bg7 30. Nf4 Bc6 31. Rc1 Bf3 32. h3 Rad8 33. Kh2 Bxe5 34. Rxe5 Kg7 35. Kg3 Bb7 36. b4 Nf6 37. Rce1 Rd2 38. Bb3 R8d7 39. g5 Nh5+ 40. Nxh5+ gxh5 41. R1e3 h4+ 42. Kxh4 Rxf2 43. Re7 Rxe7 44. Rxe7 Bc6 45. Rxa7 Rf4+ 46. Kg3 Rf3+ 47. Kg4 Rf1 48. h4 Bf3+ 49. Kg3 Bh5 50. Rb7 Rf3+ 51. Kg2 Rf4 52. Rxb6 Rxh4 53. a4 1-0

[Event "SuperUnited Rapid 2023"]
[Site "Zagreb CRO"]
[Date "2023.07.06"]
[Round "4.4"]
[White "Duda, J."]
[Black "Lupulescu, C."]
[Result "1-0"]
[WhiteElo "2732"]
[BlackElo "2584"]
[PlyCount "69"]
[EventDate "2023.07.05"]
[EventType "rapid"]

1. Nf3 {Stohl,Igor} Nf6 2. g3 c5 3. Bg2 Nc6 4. c4 d5 5. cxd5 Nxd5 6. Nc3 g6 7. h4 ({RR} 7. O-O Bg7 8. Nxd5 Qxd5 9. d3 O-O 10. Be3 Bd7 ({RR} 10... Bxb2 11. Rb1 Bf6 ({RR} 11... Bg7 12. Qa4 ({RR} 12. Nd4 Qxa2 13. Nxc6 bxc6 14. Bxc6 Bh3 15. Bxa8 Rxa8 16. Re1 Bc3) 12... Qd7 13. Bxc5 b6 14. Be3 Nd4 15. Qd1 Bb7 16. Nxd4 Bxg2 17. Kxg2 Bxd4 18. Bxd4 Qxd4 19. Qb3 Rac8 20. Rfc1 Rc5 21. e3 Qd6 22. d4 Ra5 23. Rc2 e5 24. Rd1 Rd8 25. Rcd2 Qd5+ 26. Qxd5) 12. Qa4 Qd7 13. Qb5 ({RR} 13. Bxc5 b6 14. Bxb6 Nd4 15. Qd1 axb6 16. Nxd4 Rxa2 17. Qb3 Rd2 18. Qb4 Ra2 19. Qb3 Rd2 20. Qb4 Ra2) 13... b6 ({RR} 13... Qe6 14. Qxc5 Qxa2 15. Nd2 Rd8 16. Ne4 Bg7 17. Rfe1 Be6 18. Rxb7 Rac8 19. Ng5 Bd5 20. Bxd5 Rxd5 21. Qc1 Qa6 22. Qb1 Nd4 23. Bxd4 Bxd4 24. Nf3 Bf6 25. Qb3 Rdc5 26. Kg2 R8c7 27. Rxc7 Rxc7) 14. Nd2 Bb7 15. Ne4 Rab8 16. Bf4 Qc8 17. Bxb8 Nd4 18. Nxf6+ exf6 19. Qb2 Bxg2 20. Kxg2 Qc6+ ({RR} 20... Qb7+ 21. f3 Re8 22. Rbe1 Qxb8 23. e3 Nf5 24. Kf2 Qd6 25. d4 c4 26. a3 h5) 21. f3 Rxb8 22. e3 Nf5 23. Qf2 h5 24. Kg1 Re8 25. Rfe1) 11. Nd4 Qd6 12. Nxc6 Bxc6 13. Bxc6 Qxc6 14. Rc1 Qa6 15. Rxc5 ({RR} 15. Bxc5 Bxb2 16. Rc4 Bf6 17. Qb3 b6 18. Bb4 Rfc8 19. Rfc1 Qb7 20. a4 Rab8 21. Bd2 Rxc4 22. Qxc4 a6 23. Qc7 b5) 15... b6 ({RR} 15... Qxa2 16. Rb5 {RR} Qa6 ({RR} 16... b6 17. Qa1 Qe6 ({RR} 17... Qxa1 18. Rxa1 Rfb8 19. Ra6 Kf8 20. Rb4 Be5 21. Rba4 b5 22. Ra2 Rb7 23. b3 Bb8 24. Bc5 Ke8 25. d4 Kd7 26. e4 e6 27. b4)) 17. Qb3 b6 18. Rb4 Rfb8 19. Rc1 Rc8 20. Rbc4 ({RR} 20. Rxc8+ Rxc8 21. Qd5 Rb8 22. Bf4 Qb7 23. Rb5 e6 24. Qb3 Rc8) 20... Qb7 21. Qa3 Rxc4 22. dxc4 h5 23. b4 a5 24. c5 bxc5 25. bxa5 Qb4 26. Bxc5 Qxa5 27. Qxa5 Rxa5 28. Bxe7 Re5) 16. Rc4 ({RR} 16. Rc2 Qxa2 17. Qd2 Rac8 18. Rfc1 Rxc2 19. Rxc2 Ra8 20. b4 Qb3 21. Rc4 a5 22. Bxb6 a4) ({RR} 16. Rc7 Qxa2 17. Rxe7 Qxb2) 16... Qxa2 17. Rb4 Rfc8 18. Qa1 Qd5 19. Qa4 h5 20. Rc1 Rxc1+ 21. Bxc1 Rc8) 7... h6 ({RR} 7... Bg7 8. h5 O-O ({RR} 8... Nxc3 9. bxc3 Bf5 10. Qb3 Qb6 11. Ng5 Qxb3 12. axb3 O-O 13. hxg6 hxg6 14. Ne4 Bxe4 15. Bxe4 Rfc8 16. e3 Rc7 17. Ke2 a6 18. g4 e6 19. Ba3 Na7 20. f4 Nb5 21. Bb2 Nd6 22. Bf3) ({RR} 8... e6 9. h6 Bf6 10. Ne4 Be7 11. b4 cxb4 12. Bb2 O-O 13. Rc1 Bd7 14. Nc5 Rc8 15. O-O b6 16. Nxd7 Qxd7 17. e4 Nf6 18. Qe2 Ng4 19. Bh3 Nxh6 20. Qe3 g5 21. Nxg5 f5 22. exf5 Nxf5 23. Qxe6+) 9. hxg6 hxg6 10. Qa4 e6 11. Kf1 ({RR} 11. Ne4 Qb6 12. Neg5 Ncb4 13. d3 Bd7 14. Qd1 Rfd8 15. a3 Nc6 16. Kf1 Na5 17. e4 Ne7 18. Nh7 Bb5 19. Ne1) 11... Bd7 ({RR} 11... Rb8 12. Rb1 Bd7 13. Qc4 b6 14. d3 Na5 15. Qg4 e5 16. Qh4 Qxh4 17. Rxh4 Ne7 18. Bh6 Nac6 19. Bxg7 Kxg7 20. Nd2 f6) 12. Qc4 Rc8 13. Nxd5 exd5 14. Qxd5 c4 15. Qd6 Re8 16. Rh4 Re6 17. Qf4 Nb4 18. d4 Nc2 19. Rb1 Bc6) 8. O-O ({RR} 8. d3 Bg7 9. Bd2 Be6 ({RR} 9... Nc7 10. O-O Qd7 11. a3 b6 12. Rb1 Bb7 13. b4 Ne6 14. Bh3 ({RR} 14. Qa4 O-O 15. Rfc1) 14... Ncd4 15. Ne1 ({RR} 15. bxc5 Nxf3+ 16. exf3 O-O) 15... cxb4 16. axb4 Rd8 17. e3 Nf5 18. d4 O-O 19. Nf3 Nexd4 20. Nxd4 Nxd4 21. Bxd7 Nf3+) 10. Qc1 ({RR} 10. Rc1 Rc8 11. Nxd5 Qxd5 12. Bc3 O-O 13. a3 Nd4 14. O-O Qd7 15. b4 Bd5 16. e4 Bc6 17. bxc5 Ba4 18. Qd2 ({RR} 18. Qe1) 18... Nb3 19. Qb2 Nxc1 20. Bxg7 Nxd3 21. Qa1 Rfe8 22. Bxh6 e5) 10... Rc8 11. O-O b6 12. Re1 Nf6 ({RR} 12... Nd4 13. Nxd5 Bxd5 14. Nxd4 cxd4 15. Qd1 Bxg2 16. Kxg2 Qd5+ 17. Kg1 O-O 18. Qa4) 13. Bf4 Ng4 14. Nd1 Nb4 15. a3 Nc6 16. Ne3 Nxe3 17. Bxe3 Na5 18. Nd2 c4 19. dxc4 Nxc4 20. Nxc4 Rxc4 21. Qb1 O-O 22. Rc1 Qc8) 8... Bg7 9. Nxd5 Qxd5 10. d3 Qh5 ({RR} 10... Qd6 11. Be3 Rb8 12. Nd2 b6 13. Bf4 e5 14. Nc4 Qc7 15. Bxc6+ Qxc6 16. Nxe5 Qa8 17. Nf3 Rb7 18. Qa4+ Rd7 19. Be5 f6 20. Bc3 O-O 21. Rfe1 Re7 22. b4) 11. Be3 O-O 12. Rc1 ({RR} 12. Qc1 b6 ({RR} 12... Nd4 13. Bxd4 ({RR} 13. Nxd4 cxd4 14. Bf3 Bg4 15. Bxg4 Qxg4 16. Bxh6 Rfc8 17. Qg5 Qxg5 18. Bxg5 f6 19. Bd2 Rc2) ({RR} 13. Re1 Bg4) 13... cxd4 14. Qc4 ({RR} 14. Qc7 Qb5 15. Qxe7 Re8) 14... Be6 15. Qb4 a5 16. Qxe7 Qb5 17. b3 Rfe8 18. Qd6 Qd7 19. Qxd7 Bxd7 20. Rfe1 Rac8) 13. Nh2 ({RR} 13. d4 Ba6) 13... Bd7 14. Bf3 Qe5 15. Bxh6 Bxh6 16. Qxh6 Qxb2 17. h5 Qg7 18. Qg5 Qf6) 12... b6 13. Qa4 $146 ({RR} 13. d4 Rd8 14. Nd2 ({RR} 14. Qa4 cxd4 15. Bd2 ({RR} 15. Qxc6 Bd7 16. Qe4 dxe3 17. Qxe3 Bxb2) 15... b5 16. Qa3 Bd7) 14... cxd4 15. Bf4 ({RR} 15. Bxc6 dxe3 16. Bxa8 exd2 17. Bf3 ({RR} 17. Rc2 Bf5) ({RR} 17. Bg2 Qa5) 17... Qa5 18. Rc2 Bf5 19. e4 Bh3 20. Bg2 Bc8) 15... d3 ({RR} 15... e5 16. Bxh6 ({RR} 16. Bxc6 Rb8 17. Bxh6 Bxh6) 16... Qxh6 ({RR} 16... Bxh6 17. Ne4 Kg7 18. Rxc6) 17. Bxc6 Rb8 18. Ne4 Bg4) 16. Re1 ({RR} 16. exd3 Bg4 17. Qe1 ({RR} 17. Qa4 Nd4) 17... Nd4 18. Bxa8 Ne2+ 19. Kh2 Nxc1 20. Qxe7 Rxa8 21. Rxc1 Be6) ({RR} 16. Qa4 Nd4 17. Bxa8 Nxe2+ ({RR} 17... Bd7 18. Qxa7 Nxe2+ 19. Kh2 Nxf4 20. Bf3 Qf5 21. Qxb6 Re8) 18. Kh2 Bg4 19. Qxa7 ({RR} 19. Bc6 g5 20. Bc7 gxh4 21. Kg2 Rd4 22. Qxa7 hxg3 23. Rh1 Qg5) 19... g5 ({RR} 19... Nxf4 20. Rc4 ({RR} 20. gxf4 Qxh4+ 21. Kg1 Bh3 22. Bg2 Bxg2 23. Kxg2 Qg4+ 24. Kh1 Qxf4) 20... Ne2 21. Be4 Re8 22. Bxd3 Be5 23. Kg2 Nf4+ 24. gxf4 Bf3+ 25. Nxf3 Qg4+ 26. Kh2 Bxf4+ 27. Rxf4 Qxf4+ 28. Kg2 Qg4+) 20. Bc7 gxh4) 16... Nd4 ({RR} 16... dxe2 17. Qa4 b5 18. Qa3) 17. Bxa8 Bg4 ({RR} 17... Nxe2+ 18. Kg2 ({RR} 18. Rxe2 dxe2 19. Qe1 ({RR} 19. Qc2 Bf5 20. Be4 Rc8 21. Qb1 Rxc1+ 22. Qxc1 Bxe4 23. Nxe4 Qd5) 19... Bg4 20. f3 Be6 21. Be4 Bxb2 22. Rc2 Be5 23. Be3 g5) 18... Bg4 19. Bf3 ({RR} 19. f3 Be6) 19... Bxf3+ 20. Nxf3 Nxf4+ 21. gxf4 Qg4+ 22. Kf1 ({RR} 22. Kh2 d2 23. Nxd2 Qxf4+) 22... Qh3+ 23. Kg1 Qg4+) 18. f3 ({RR} 18. Bb7 Nxe2+ 19. Rxe2 dxe2 20. Qc2 ({RR} 20. Qe1 Bxb2) 20... g5) 18... dxe2 19. Qa4 Rxa8 20. fxg4 Qxg4 21. Kg2 ({RR} 21. Kf2 g5 22. hxg5 hxg5 23. Bc7 Qf5+ 24. Kg2 Qd3 25. Bxb6 Be5 ({RR} 25... Qxd2 26. Bxd4 Bxd4 27. Qc4) 26. Qa3 Qxa3 27. bxa3 axb6) 21... Rd8 ({RR} 21... b5 22. Qa5 e5 23. Be3 Nf5 24. Bf2 a6 25. Qc7 e4 26. Qc6 Nxh4+ 27. Kh2 Rd8 28. Qxe4 Qxe4 29. Nxe4 Nf3+ 30. Kg2 Nxe1+ 31. Rxe1 f5 32. Nc5 Rd2) 22. Bc7 ({RR} 22. Rc4 Nf5 23. Kh2 Rxd2 24. Rc8+ Kh7 25. Qe8 g5 26. Qxf7 gxf4 27. Qg8+ Kg6 28. Qe6+) 22... Rd7 23. Rc4 ({RR} 23. Bb8 b5 ({RR} 23... Rd8) 24. Qb4 a5 25. Qxa5 Nf5) 23... Qf5 ({RR} 23... b5 24. Qxb5 Nxb5 25. Rxg4 Rxd2 26. Ba5 Rxb2 27. Rb4 Rxb4 28. Bxb4 Bc3) 24. Qxa7 ({RR} 24. Rcc1 Kh7) ({RR} 24. Rxd4 Rxd4 25. Qe8+ Kh7 26. Nf3 ({RR} 26. Rxe2 Qd5+ 27. Nf3 Rd3 28. Rf2 Bd4 29. Rf1 ({RR} 29. Qxf7+ Qxf7 30. Ng5+ Kg8 31. Rxf7 Rd2+ 32. Kh3 Bf6 33. Ne4 Rxb2) 29... Rd2+ 30. Kh3 Re2 31. Ng5+ hxg5 32. Rxf7+ Bg7 33. Qf8 Qg2+ 34. Kg4 Re4+ 35. Kxg5 Qd2+ 36. Bf4 Qd5+ 37. Kg4 Qd1+ 38. Kh3 Qf1+ 39. Kg4 Rxf4+ 40. Rxf4 Qd1+) 26... Rd3 27. Qc6 Bxb2 ({RR} 27... Rd5 28. Bf4 Rc5 29. Qb7 e5 30. Be3 Rc2 31. Nd2) 28. Rxe2 Rc3 29. Qb7 Rc2 30. Rxc2 Qxc2+ 31. Kh3 Qb1 32. g4 Qxa2 33. Qe4) 24... Nc2 25. Rxe2 Ne3+ ({RR} 25... Rxd2 26. Rxd2 Ne1+ 27. Kh2 Nf3+ 28. Kg2 Ne1+) 26. Kh2 Nxc4 ({RR} 26... Rxd2 27. Rxd2 Nf1+ 28. Kg2 ({RR} 28. Kg1 Nxd2) 28... Ne3+ ({RR} 28... Nxd2 29. Qa8+ Kh7 30. Rf4) 29. Kh2 Nf1+) 27. Nxc4 Qc5 {Radjabov,T (2733)-Svidler,P (2746) Tromsoe 2013 CBM 156 [Stohl,Igor] ½-½ (40)} ({RR} 27... Qg4 28. Rc2 Qe4 29. Na3 Rd1 30. Rg2 Bd4 31. Qa6 ({RR} 31. Nc2 Bg1+ 32. Rxg1 Rd2+ 33. Kh3 h5) 31... Qe1 ({RR} 31... Bg1+ 32. Rxg1 Rd2+ 33. Kh3) 32. Kh3 Qh1+ ({RR} 32... Qe6+ 33. g4 Qe3+ 34. Bg3 Be5) 33. Rh2 Qc6 34. Qc8+ Kh7 35. Qg4 Rd3 36. Bf4 e5 37. Bd2 Bf2 38. Rxf2 Qh1+ 39. Rh2 Qf1+ 40. Rg2 Rxd2)) ({RR} 13. Ng5 Bg4 ({RR} 13... hxg5 14. Bxc6 Bg4) 14. Bxc6 Bxe2 15. Qc2 Rac8 ({RR} 15... hxg5 16. Bxa8 Bxf1)) 13... Bd7 14. b4 Ne5 15. Qb3 Be6 16. Qa3 cxb4 17. Qxb4 Bd5 18. Nxe5 Bxg2 19. Nxg6 fxg6 20. Kxg2 Qxe2 21. Qe4 Qxa2 22. Rc6 Rad8 23. Rxg6 Qd5 24. Bxh6 Rf7 25. Ra1 Qxe4+ 26. dxe4 Rd7 27. e5 e6 28. Bxg7 Rxg7 29. Rxe6 Rde7 30. Rxe7 Rxe7 31. Kf3 b5 32. Ke4 b4 33. Kd3 Rb7 34. Kc2 Kf7 35. Ra6 1-0

[Event "SuperUnited Rapid 2023"]
[Site "Zagreb CRO"]
[Date "2023.07.07"]
[Round "8.1"]
[White "Rapport, R."]
[Black "Lupulescu, C."]
[Result "1-0"]
[WhiteElo "2752"]
[BlackElo "2584"]
[PlyCount "77"]
[EventDate "2023.07.05"]
[EventType "rapid"]

1. e4 c5 2. Nf3 e6 3. d3 d5 4. Nbd2 Nc6 5. g3 Nf6 6. Bg2 Be7 7. O-O O-O 8. Re1 Qc7 9. c3 b6 10. Qe2 Bb7 11. e5 Nd7 12. Nf1 b5 13. Bf4 ({RR} 13. h4 Rfc8 14. Bg5 Bf8 15. N1h2 a5 16. Bf4 a4 17. a3 b4 18. Ng4 bxc3 19. bxc3 Qa5 20. Bd2 Qd8 21. Bg5 Qa5 22. Bd2 Qd8 23. Bg5 Qc7 24. Bf4 Ba6 25. Rad1 Rab8 26. Ng5 h6 27. Nxf7 Kxf7 {Kamsky,G (2674)-Huschenbeth,N (2612) Karlsruhe 2020 1-0 (47)}) ({RR} 13. h4 b4 14. h5 h6 15. N1h2 Rfd8 16. Ng4 Bf8 17. Bf4 Qa5 18. c4 dxc4 19. dxc4 Qc7 20. Qe3 Nd4 21. Nxd4 cxd4 22. Qd2 Bxg2 23. Kxg2 Qc6+ 24. f3 Nc5 25. Rh1 Kh7 26. Rh4 b3 27. axb3 d3 {Baghdasaryan,V (2251)-Agamyradova,M (1857) Moscow RUS 2024 1-0 (38)}) 13... Rfc8 14. h4 Qd8 $146 ({RR} 14... a5 15. h5 h6 16. Ne3 Qd8 17. Rad1 Rab8 18. Nxd5 exd5 19. e6 Nf8 20. exf7+ Kxf7 21. Bxb8 Rxb8 22. d4 c4 23. Ne5+ Nxe5 24. dxe5 Ne6 25. f4 Kg8 26. f5 Bc5+ 27. Kh2 Nf4 28. Qg4 Nxg2 29. f6 {Forcen Esteban,D (2566)-Merario Alarcon,A (2412) Benasque 2021 ½-½ (38)}) 15. N1d2 a5 16. a4 bxa4 17. Rxa4 Nb6 18. Raa1 a4 19. Nb1 Na5 20. Na3 Nb3 21. Rad1 c4 22. d4 Bxa3 23. bxa3 Qf8 24. Qa2 Rc7 25. h5 Rb8 26. Qc2 h6 27. g4 Qxa3 28. g5 Qf8 29. gxh6 gxh6 30. Re3 Qg7 31. Nh4 Kf8 32. Rg3 Qh8 33. Nf5 exf5 34. e6 fxe6 35. Bxc7 Nd7 36. Bxb8 Nxb8 37. Re1 Bc8 38. Bxd5 exd5 39. Qe2 1-0

[Event "SuperUnited Blitz 2023"]
[Site "Zagreb CRO"]
[Date "2023.07.08"]
[Round "2.1"]
[White "Rapport, R."]
[Black "Anand, V."]
[Result "1-0"]
[WhiteElo "2752"]
[BlackElo "2754"]
[PlyCount "99"]
[EventDate "2023.07.08"]
[EventType "blitz"]

1. Nf3 d5 2. g3 c5 3. c4 d4 4. e3 Nc6 5. exd4 cxd4 6. Bg2 Nf6 ({RR} 6... e5 7. O-O f6 8. d3 Nge7 9. Nh4 g6 10. Nd2 Nf5 11. Nxf5 Bxf5 12. Ne4 Be7 13. Bh6 Qd7 14. Bg7 Bxe4 15. Bxe4 Rg8 16. Bh6 O-O-O 17. Bd2 h5 18. b4 Rdf8 19. c5 Nd8 20. Qb3 Kb8 21. Rac1 {Rapport,R (2752)-Duda,J (2732) Berlin GER 2023 1-0}) 7. O-O ({RR} 7. d3 Bf5 8. O-O e6 9. a3 a5 10. Re1 Be7 11. Nh4 Bg6 12. Nxg6 hxg6 13. Qb3 Qd7 14. Nd2 O-O 15. Nf3 a4 16. Qc2 Na5 17. Bf4 Nb3 18. Rad1 Qc8 19. h3 Nd7 20. g4 Ra5 21. Bg3 Rd8 {Gutierrez Olivares,D (2354)-Guimaraes,D (2285) chess.com INT 2025 0-1 (39)}) 7... Nd7 8. Re1 $146 ({RR} 8. d3 e5 9. Re1 Be7 10. Na3 O-O 11. Nc2 a5 12. Rb1 Re8 13. a3 a4 14. Bd2 Bd6 15. Bb4 Nc5 16. Bxc5 Bxc5 17. Nd2 Na5 18. b4 axb3 19. Nxb3 Nxb3 20. Rxb3 Ra7 21. Bd5 b6 22. Qf3 Qc7 {Pantsulaia,L (2590)-Bin Suhayl,I (2240) Cattolica 2022 1-0 (65)}) 8... e5 9. Nh4 Be7 10. Nf5 O-O 11. Nxe7+ Qxe7 12. b3 Nb4 13. Ba3 Qd6 14. Bxb4 Qxb4 15. d3 a5 16. Nd2 Ra6 17. a3 Qe7 18. Nf3 Qd6 19. Qd2 Nc5 20. Rab1 f6 21. b4 axb4 22. axb4 Na4 23. c5 Qd8 24. Ra1 Nc3 25. Rxa6 bxa6 26. Qc2 Kh8 27. Nd2 Qd7 28. Ne4 Nxe4 29. Bxe4 Qb5 30. Qd2 Bd7 31. Ra1 f5 32. Ra5 Qb8 33. Bd5 Bb5 34. Qc2 e4 35. Bc4 e3 36. Bxb5 axb5 37. c6 exf2+ 38. Qxf2 Qd6 39. Qc2 f4 40. c7 Qe6 41. Ra1 fxg3 42. hxg3 Qe3+ 43. Kg2 Qf3+ 44. Kh2 Qh5+ 45. Kg1 Qe5 46. Qf2 Rc8 47. Rf1 Qe8 48. Qf4 h6 49. Rc1 Qe7 50. Kg2 1-0

[Event "SuperUnited Blitz 2023"]
[Site "Zagreb CRO"]
[Date "2023.07.08"]
[Round "4.4"]
[White "Rapport, R."]
[Black "Lupulescu, C."]
[Result "1-0"]
[WhiteElo "2752"]
[BlackElo "2584"]
[PlyCount "182"]
[EventDate "2023.07.08"]
[EventType "blitz"]

1. g3 d5 2. Nf3 Nd7 3. d4 Nb6 4. a4 a5 5. Nc3 Bf5 6. Nh4 Bg4 7. h3 Bh5 8. Ng2 e6 9. Nf4 Bg6 10. Nxg6 ({RR} 10. h4 Bb4 11. Nxg6 hxg6 12. Qd3 Nf6 13. Bg2 Qd7 14. O-O Bxc3 15. Qxc3 Nxa4 16. Qe1 O-O 17. b3 Nb6 18. Rxa5 Ne4 19. c4 Rxa5 20. Qxa5 Ra8 21. Qb4 Qc6 22. Bf4 dxc4 23. bxc4 Ra4 24. Qb1 f5 {Wadsworth,M (2473)-Cabezas Ayala,I (2231) Roquetas de Mar ESP 2025 1-0 (39)}) 10... hxg6 11. Qd3 $146 ({RR} 11. e4 Bb4 12. e5 Ne7 13. Bg2 Nf5 14. O-O Bxc3 15. bxc3 Nc4 16. Qg4 Qd7 17. Bg5 Ra6 18. Rfb1 Rb6 19. Bf1 Rxb1 20. Rxb1 b6 21. Rb5 Na3 22. Rb2 Qc6 23. Qf3 Nc4 24. Rb5 Na3 25. Rb2 Nc4 {Nenezic,M (2528)-Ivic,V (2628) Paracin 2022 ½-½ (48)}) 11... Nf6 12. Bg2 Be7 13. e4 dxe4 14. Nxe4 Nxe4 15. Bxe4 c6 16. Kf1 Bg5 17. Bxg5 Qxg5 18. Qb3 Qd8 19. Re1 Rb8 20. h4 Qxd4 21. Kg2 Qb4 22. Qf3 Qe7 23. Qc3 Nd5 24. Bxd5 cxd5 25. Qxg7 Rf8 26. h5 gxh5 27. Rxh5 Qd6 28. Qd4 Qc6 29. Qxd5 Ke7 30. Qxc6 bxc6 31. b3 Ra8 32. Ree5 f5 33. Rh6 Rf6 34. Rxf6 Kxf6 35. Rc5 Ra6 36. Kf3 Ke7 37. Ke3 Kd6 38. Kd4 Ra8 39. Re5 Ra7 40. Rc5 Ra8 41. c3 Ra7 42. Kc4 Ra8 43. f4 Ra7 44. Re5 Ra8 45. Re3 Rb8 46. Rd3+ Kc7 47. Re3 Kd6 48. b4 Ra8 49. Rd3+ Kc7 50. b5 cxb5+ 51. Kxb5 Rb8+ 52. Kc5 Rb3 53. Re3 Kd7 54. Kc4 Rb2 55. Kc5 Rb3 56. Rf3 Rb2 57. c4 Rb4 58. Ra3 Kc7 59. Re3 Kd7 60. Ra3 Kc7 61. Ra2 Kd7 62. Rd2+ Ke7 63. Ra2 Kd7 64. Rh2 Rxa4 65. Rh7+ Kc8 66. Re7 Ra3 67. Kc6 Kb8 68. Rxe6 Rxg3 69. Re5 a4 70. Rb5+ Kc8 71. Rxf5 Kd8 72. Rf8+ Ke7 73. Ra8 Ra3 74. c5 Ra1 75. Ra5 a3 76. Kc7 a2 77. c6 Ke6 78. Re5+ Kf6 79. Re2 Kg6 80. Rc2 Kf6 81. Kc8 Kf5 82. c7 Kxf4 83. Rd2 Ke3 84. Rb2 Ke4 85. Rh2 Ke5 86. Rd2 Ke4 87. Kd7 Ke3 88. c8=Q Kxd2 89. Qa6 Kc2 90. Qc4+ Kb2 91. Qd4+ Kb1 1-0

[Event "SuperUnited Blitz 2023"]
[Site "Zagreb CRO"]
[Date "2023.07.09"]
[Round "10.5"]
[White "Duda, J."]
[Black "Lupulescu, C."]
[Result "1-0"]
[WhiteElo "2732"]
[BlackElo "2584"]
[PlyCount "31"]
[EventDate "2023.07.08"]
[EventType "blitz"]

1. Nf3 d5 2. c4 d4 3. b4 c5 4. Bb2 Qc7 ({RR} 4... a5 5. bxc5 Nc6 6. d3 e5 7. Ba3 Nf6 8. Nbd2 Be7 9. g3 O-O 10. Bg2 Nd7 11. Ne4 Nb4 12. O-O Qc7 13. Nd6 Nxc5 14. Nb5 Qb8 15. Bc1 Bd7 16. a3 Nc6 17. Rb1 Qc8 18. Re1 Bf5 19. Bg5 {Andreikin,D (2713)-Khairullin,I (2658) Khanty-Mansiysk 2013 0-1 (64)}) 5. g3 e5 6. Bg2 cxb4 $146 ({RR} 6... Nf6 7. O-O cxb4 8. e3 dxe3 9. Bxe5 exf2+ 10. Rxf2 Bd6 11. Bxf6 gxf6 12. d4 Qxc4 13. Rc2 Qe6 14. Re2 O-O 15. Rxe6 Bxe6 16. Nbd2 a5 17. Ne4 Be7 18. d5 Bf5 19. Nh4 Bg6 20. d6 Bd8 21. Qf3 {Mekhitarian,K (2554)-Grigoriants,S (2534) chess.com INT 2024 1-0}) 7. O-O Nc6 8. e3 Bc5 9. a3 dxe3 10. fxe3 bxa3 11. Nxa3 Bxa3 12. Bxa3 Nge7 13. d4 exd4 14. exd4 Bg4 15. d5 Rd8 16. Qa4 1-0